Yo puedo / (Registro nro. 3336)

Detalles MARC
000 -LEADER
fixed length control field 01056nam a2200265Ia 4500
003 - CONTROL NUMBER IDENTIFIER
control field OSt
005 - DATE AND TIME OF LATEST TRANSACTION
control field 20200330142550.0
008 - FIXED-LENGTH DATA ELEMENTS--GENERAL INFORMATION
fixed length control field 191128t2012 ck a br 000 1 spa d
020 ## - INTERNATIONAL STANDARD BOOK NUMBER
International Standard Book Number 9789588445724
040 ## - CATALOGING SOURCE
Original cataloging agency CO-JMCR
Transcribing agency CO-JMCR
041 0# - LANGUAGE CODE
Language code of text/sound track or separate title spa
082 04 - DEWEY DECIMAL CLASSIFICATION NUMBER
Classification number A /
Item number WINy
100 ## - MAIN ENTRY--PERSONAL NAME
Personal name Winter, Susan, autora
9 (RLIN) 2183
245 10 - TITLE STATEMENT
Title Yo puedo /
Statement of responsibility, etc. Susan Winter ; traducción Elena Iribarren
260 ## - PUBLICATION, DISTRIBUTION, ETC.
Place of publication, distribution, etc. Bogotá :
Name of publisher, distributor, etc. Ediciones Ekaré,
Date of publication, distribution, etc. ©2012
300 ## - PHYSICAL DESCRIPTION
Extent [22] páginas sin numerar :
Other physical details ilustraciones a color ;
Dimensions 20 cm.
490 ## - SERIES STATEMENT
Series statement El jardín de los niños
500 ## - GENERAL NOTE
General note Plan Nacional de Lectura y Escritura Leer es mi Cuento, 2012.
520 ## - SUMMARY, ETC.
Summary, etc. Los pequeños tienen que vivir un "mal trago" cuando les llegan nuevos hermanitos. Sienten que se la juegan con el amor de sus padres, y refuerzan su autoestima a base de demostrar qué cosas pueden hacer.
521 ## - TARGET AUDIENCE NOTE
Target audience note Recomendado para niños 2 años.
546 ## - LANGUAGE NOTE
Language note spa
650 ## - SUBJECT ADDED ENTRY--TOPICAL TERM
Topical term or geographic name entry element Libros y lectura para niños
General subdivision álbum
9 (RLIN) 2184
700 ## - ADDED ENTRY--PERSONAL NAME
Personal name Iribarren, Elena,
Relator term traductora
9 (RLIN) 2185
942 ## - ADDED ENTRY ELEMENTS (KOHA)
Source of classification or shelving scheme Dewey Decimal Classification
Koha item type Books
Existencias
Withdrawn status Lost status Source of classification or shelving scheme Damaged status Not for loan Collection code Home library Current library Date acquired Source of acquisition Cost, normal purchase price Total Checkouts Full call number Barcode Date last seen Date last checked out Copy number Koha item type
    Dewey Decimal Classification     Fiction Biblioteca Pública José María del Castillo y Rada Biblioteca Pública José María del Castillo y Rada 11/28/2019 Donación 0.00 16 A / WINy 201806985 02/11/2026 02/11/2026 Ej.1 Books